banner-ar

الاستدلال التجريبى : (Record no. 63520)

MARC details
000 -الفاتح
حقل البيانات ثابتة الطول 01072nam a22002777a 4500
005 - وقت وتاريخ اخر تعامل مع التسجيلة
رقم الضبط 20240530110645.0
008 - عناصر البيانات ثابتة الطول - معلومات عامة
حقل البيانات ثابتة الطول 171023s2015 ua g 000 0 ara d
017 ## - رقم الايداع القانونى
رقم الايداع القانونى 2014/21818
المصدر ( الهيئة المختصة) مصر. دار الكتب
020 ## - الرقم الدولى المعيارى للكتب
الرقم الدولى المعيارى للكتاب 9789773506131
040 ## - مصدر الفهرسة
وكالة الفهرسة الأصلية EG-CaGPL
وكالة النسخ EG-CaGPL
082 04 - رقم تصنيف ديوى العشرى
رقم الطبعة 21
رقم التصنيف 121\
رقم المادة ب إ
100 1# - المدخل الرئيسى - إسم شخصى
الإسم الشخصى بلانشى ، روبير .
245 12 - بيان العنوان
العنوان الاستدلال التجريبى :
بقية العنوان المنهج التجريبى و فلسفة الفيزياء /
بيان المسئوليه,etc نصوص اختارها و قدمها روبير بلانشى ؛ نقلها الى العربية محمود اليعقوبى .
250 ## - بيان الطبعة
بيان الطبعة ط.1
260 ## - PUBLICATION, DISTRIBUTION, ETC. (IMPRINT)
تاريخ النشر أو التوزيع 2015 .
300 ## - الوصف المادى
التعداد 444 ص. ؛
أبعاد الوعاء 24 سم.
600 0# - المدخل الاضافى بالموضوع-اسم شخصى
الإسم الشخصى بيكن
600 0# - المدخل الاضافى بالموضوع-اسم شخصى
الإسم الشخصى اوجست كونت
600 0# - المدخل الاضافى بالموضوع-اسم شخصى
الإسم الشخصى نيوتن
650 07 - المدخل الاضافى بالموضوع-مصطلح موضوعى
مصدر الرأس أو المصطلح qrmak
مصطلح موضوعي الفيزياء
650 07 - المدخل الاضافى بالموضوع-مصطلح موضوعى
مصدر الرأس أو المصطلح qrmak
مصطلح موضوعي الاستدلال الاستقرائى
651 ## - المدخل الاضافى بالموضوع - اسم جغرافى
مصدر الرأس أو المصطلح qrmak
700 0# - المدخل الاضافى - اسم شخصى
الإسم الشخصى محمود اليعقوبى
الدور مترجم .
942 ## - عناصر المدخل الإضافي( كوها)
مصدر التصنيف او مخطط الترفيف Dewey Decimal Classification
Koha [default] item type كتاب
260 ## - PUBLICATION, DISTRIBUTION, ETC. (IMPRINT)
-- القاهرة :
-- دار الكتاب الحديث ،
Holdings
حالة التراجع حالة الفقد حالة تلف ليس للاعارة المكان المؤقت الموقع الحالى موقع الترفيف تاريخ الاكتساب اجمالي اﻻعارات رقم الطلب الباركود تاريخ اخر مشاهدة تاريخ تفعيل السعر نوع وعاء كوها
        مكتبة القاهرة الكبرى مكتبة القاهرة الكبرى القاعة الرئيسية 11/12/2017   121\ ب إ 163611 11/12/2017 11/12/2017 كتاب

Powered By

EGPV